01948cam a2200265 a 4500001000800000005001700008008004100025010001700066020004000083040001800123050002200141082002000163100002200183245006200205250001200267260003000279300003600309440006100345505091400406650005601320650004801376856009601424856008801520856007401608446985820231002091242.0960228s1996 nyua b 001 0 eng  a 96010943  a0471133027 (cloth : acidfree paper) aDLCcDLCdDLC00aTK5103b.F68 199600a621.382,FRE2201 aFreeman, Roger L.10aTelecommunication system engineering /cRoger L. Freeman. a4th ed. aNew York :bWiley,cc2004 axxii, 1023 p. :bill. ;c24 cm. 0aWiley series in telecommunications and signal processing aBasic Telephony (Page-1), Local Networks (Page-41), Switching in an Analog Environment (Page-73), Signaling for Analog Telephone Networks (Page-111), Introduction to Transmission for Telephony (Page-139), Long-Distance Networks (Page-157), The Design of Long-Distance Links (Page-185), Digital Transmission Systems (Page-261), Digital Switching and Networks (Page-317), Introduction to Data Communications (Page-365), Data Networks and their Operation(Page- 409), Voice-Over IP (Page-483), Local Area Networks (Page-501), Integrated Services Digital Networks (Page-565), Speeding Things Up with Frame Relay (Page-603),The Asynchronous Transfer Mode (ATM) and Broadband ISDN (Page-631), CCITT Signaling System No. 7 (Page-681), Wireless and Cellular/Mobile Radio (Page-737), Last-Mile Broadband Connectivity and Wireless Local Loop (WLL) (Page-805), Optical Networking (Page-835),Network Management (Page-871). 0aTelecommunication systemsxDesign and construction. 0aTelephone systemsxDesign and construction.423Contributor biographical informationuhttp://www.loc.gov/catdir/bios/wiley042/96010943.html423Publisher descriptionuhttp://www.loc.gov/catdir/description/wiley034/96010943.html4 3Table of Contentsuhttp://www.loc.gov/catdir/toc/onix05/96010943.html